[Event "CRO-chT (Women)"]
[Site "Sibenik"]
[Date "2007.10.17"]
[Round "5"]
[White "Jelica, Mara"]
[Black "Djeno, Snjezana"]
[Result "1/2-1/2"]
[WhiteElo "2175"]
[BlackElo "1940"]
[PlyCount "61"]
[EventDate "2007.10.13"]
[EventType "team"]
[EventRounds "9"]
[EventCountry "CRO"]
[SourceTitle "EXT 2008"]
[Source "ChessBase"]
[SourceDate "2007.11.25"]
[SourceVersion "1"]
[SourceVersionDate "2007.11.25"]
[SourceQuality "1"]

1. c4 Nf6 2. b3 d6 3. Bb2 e5 4. Nf3 e4 5. Nd4 c5 6. Nc2 d5 7. cxd5 Nxd5 8. Nc3 Nxc3 9. dxc3 Qxd1+ 10. Rxd1 Be7 11. e3 0-0 12. Bc4 Bg4 13. Be2 Be6 14. 0-0 Nc6 15. Na3 Rad8 16. Rxd8 Rxd8 17. Rd1 Rxd1+ 18. Bxd1 a6 19. Be2 Bf6 20. Bc4 Bxc4 21. Nxc4 Be7 22. Nd2 f5 23. Kf1 Ne5 24. c4 Bf6 25. Bxe5 Bxe5 26. Ke2 Kf7 27. h3 Ke6 28. f3 exf3+ 29. gxf3 b5 30. cxb5 axb5 31. Kd3 1/2-1/2

[Event "CRO-chT (Women) 15th"]
[Site "Sibenik"]
[Date "2006.09.28"]
[Round "7"]
[White "Jelica, Mara"]
[Black "Djeno, Snjezana"]
[Result "1-0"]
[WhiteElo "2190"]
[BlackElo "1953"]
[PlyCount "115"]
[EventDate "2006.09.22"]
[EventType "team"]
[EventRounds "9"]
[EventCountry "CRO"]
[SourceTitle "CBM 114 Extra"]
[Source "ChessBase"]
[SourceDate "2006.11.03"]
[SourceVersion "1"]
[SourceVersionDate "2006.11.03"]
[SourceQuality "1"]

1. e4 d6 2. d4 Nd7 3. Nc3 e5 4. Nf3 g6 5. Bc4 c6 6. 0-0 Bg7 7. dxe5 dxe5 8. Ng5 Nh6 9. Bxf7+ Nxf7 10. Ne6 Qf6 11. Nc7+ Kd8 12. Nxa8 b5 13. f4 Bb7 14. fxe5 Qe6 15. Qd4 Bxa8 16. Qxa7 Ke7 17. Be3 Bxe5 18. Rad1 Bd6 19. e5 Qxe5 20. Rxf7+ Kxf7 21. Qxd7+ Kg8 22. Qxd6 Qxe3+ 23. Kh1 Kg7 24. Rf1 Re8 25. Qf6+ Kh6 26. Nd1 Qe2 27. Kg1 c5 28. Nf2 Qe3 29. h3 Be4 30. Kh2 Bf5 31. Nh1 Bxc2 32. Ng3 Qe5 33. Qf2 Bf5 34. Kh1 Bc8 35. Rc1 c4 36. Rd1 Qe3 37. Qxe3+ Rxe3 38. Kh2 Rd3 39. Rxd3 cxd3 40. Ne4 Be6 41. a3 Bd5 42. Nd2 Kg5 43. Kg3 h5 44. Kf2 h4 45. Nf3+ Kh5 46. Ke3 Bc4 47. Ne1 g5 48. Nxd3 g4 49. hxg4+ Kxg4 50. Ne5+ Kg3 51. Nxc4 bxc4 52. a4 Kxg2 53. a5 h3 54. a6 h2 55. a7 h1Q 56. a8Q+ Kg1 57. Qxh1+ Kxh1 58. Kd4 1-0

[Event "CRO-chT (Women) 15th"]
[Site "Sibenik"]
[Date "2006.09.26"]
[Round "5"]
[White "Grzincic, Tihana"]
[Black "Djeno, Snjezana"]
[Result "1-0"]
[WhiteElo "2030"]
[BlackElo "1953"]
[PlyCount "55"]
[EventDate "2006.09.22"]
[EventType "team"]
[EventRounds "9"]
[EventCountry "CRO"]
[SourceTitle "CBM 114 Extra"]
[Source "ChessBase"]
[SourceDate "2006.11.03"]
[SourceVersion "1"]
[SourceVersionDate "2006.11.03"]
[SourceQuality "1"]

1. e4 d6 2. d4 Nd7 3. c3 e5 4. Bd3 g6 5. Ne2 Bg7 6. 0-0 Ngf6 7. f4 Qe7 8. Bc2 0-0 9. Ng3 h5 10. fxe5 dxe5 11. Qd3 Ng4 12. h3 Nh6 13. Be3 exd4 14. cxd4 c5 15. Qd2 h4 16. Nh5 gxh5 17. Bxh6 Bxd4+ 18. Kh1 Re8 19. Nc3 Bxc3 20. bxc3 Ne5 21. Bg5 Qd7 22. Qe2 Ng6 23. Bf6 Re5 24. Rad1 Qc7 25. Rd8+ Nf8 26. Qd2 Bxh3 27. Qh6 Bxg2+ 28. Kxg2 1-0

[Event "CRO-chT (Women) 15th"]
[Site "Sibenik"]
[Date "2006.09.25"]
[Round "4"]
[White "Djeno, Snjezana"]
[Black "Ascic, Iva"]
[Result "1-0"]
[WhiteElo "1953"]
[BlackElo "2049"]
[PlyCount "87"]
[EventDate "2006.09.22"]
[EventType "team"]
[EventRounds "9"]
[EventCountry "CRO"]
[SourceTitle "CBM 114 Extra"]
[Source "ChessBase"]
[SourceDate "2006.11.03"]
[SourceVersion "1"]
[SourceVersionDate "2006.11.03"]
[SourceQuality "1"]

1. e4 e5 2. Bc4 Nf6 3. d3 Nc6 4. Nf3 Bc5 5. 0-0 d6 6. c3 Bg4 7. h3 Bh5 8. Re1 0-0 9. Nbd2 Re8 10. Nf1 d5 11. exd5 Nxd5 12. Ng3 Bg6 13. Ne4 Bb6 14. Bg5 Qd7 15. a4 a6 16. Nh4 Nd8 17. Qf3 c6 18. Qg3 Bc7 19. Nxg6 hxg6 20. Qh4 Ne6 21. Bxd5 Nxg5 22. Nxg5 Qxd5 23. Qh7+ Kf8 24. Ne4 f6 25. Qxg6 Rad8 26. Re3 Re7 27. Rf3 Rf7 28. c4 Qe6 29. Nc5 Qc8 30. Ne4 Qd7 31. Ng3 Bb6 32. Nf5 Rc8 33. Qh7 Ke8 34. Qg8+ Rf8 35. Nxg7+ Ke7 36. Qh7 Kd8 37. Qh6 Kc7 38. Rxf6 Rh8 39. Qg5 Rcg8 40. Qxe5+ Kc8 41. Nf5 Bc7 42. Qe6 Bd8 43. Nd6+ Kc7 44. Rf7 1-0